00635nam a2200229 a 4500001001300000003000900013005001700022008004100039020001000080082001300090100001500103245001100118260005400129300000900183500003500192650002000227700001500247902000800262942000700270952011300277999001500390nice12345678IN_TiNIC20260116011451.0080221s1787 para grp 000 0 fre  ac10000a928bLAN aLangles, L aTimour aParis bInstituts Politiqaes Et Militaries c1787 a400p aincludes index and biblioraphy aTimur-Biography1 aLangles, L bSRS cBK 001040708StackRoom-aHMIbHMId2008-02-21g100.00l0o928 LANp02051r2008-02-21v100.00w2008-02-21yBK c1806d1806